000 00453nam a2200181Ia 4500
001 4444
005 20260306145756.0
008 260306t1997||||xx |||||||||||||| ||spa||
041 _aESP
082 _a322.1
_bK59
100 _aKlauber, Jeffrey
_eAUT
245 0 _aIglesia, dictaduras y democracia en América Latina texto impreso
260 _c1997
300 _a502 páginas :
_ccm.
650 _aGEN
654 _aCHU
942 _cLIB
_dJUS
_fJUS
_2ddc
_n
999 _c4444
_d4444